Principios de química inorgánica

Bibliographic Details
Main Author: Maku, G.S
Format: Section = Libro
Language:Undetermined
Spanish
Published: México McGraw-Hill 1988
Subjects:
LEADER 00520nam a2200205Ia 4500
008 240830s9999 xx 000 0 und d
020 |a 968-451-356-9 
040 |a CEDOC FIQ-RUSB / 546 M266 
041 |a spa 
082 |a 546 M266 
100 1 |a Maku, G.S 
245 1 0 |a Principios de química inorgánica 
260 |a México  |b McGraw-Hill  |c 1988 
300 |a 626 p. :il 
650 7 |a QUIMICA INORGANICA 
650 7 |b  ESTRUCTURA ATOMICA 
650 7 |c  ENLACES QUIMICOSI 
942 |c BK  |2 ddc 
991 |a TEXTO 
999 |c 13909